A kockázatkezelés elmélete és gyakorlata a bankszférában

Bibliográfiai részletek
Szerző: Süki Flóra Ágnes
További közreműködők: Eckert Bálint
Dokumentumtípus: Diplomadolgozat
Kulcsszavak:Banki kockázatok
Hitelkockázat
Bank
Online Access:http://dolgozattar.uni-bge.hu/14597

MARC

LEADER 00000nta a2200000 i 4500
001 dolg14597
005 20200320093421.0
008 171218suuuu hu om 000 hun d
040 |a BGE Dolgozattár Repozitórium  |b hun 
041 |a hu 
100 1 |a Süki Flóra Ágnes 
245 1 2 |a A kockázatkezelés elmélete és gyakorlata a bankszférában  |c Süki Flóra Ágnes  |h [elektronikus dokumentum] 
246 1 1 |a A kockázatkezelés elmélete és gyakorlata a bankszférában 
695 |a Banki kockázatok 
695 |a Hitelkockázat 
695 |a Bank 
700 1 |a Eckert Bálint  |e ths 
856 4 0 |u http://dolgozattar.uni-bge.hu/14597/1/S%C3%9CKI%20FL%C3%93RA%20SZAKDOLGOZAT.pdf  |z Dokumentum-elérés